A Basic English Grammar with Exercises / Student's Self-study Edition (Record no. 2840)
[ view plain ]
| 000 -LEADER | |
|---|---|
| fixed length control field | 01285cam a22002054a 4500 |
| 005 - ΗΜΕΡΟΜΗΝΙΑ ΚΑΙ ΩΡΑ ΤΕΛΕΥΤΑΙΑΣ ΕΝΗΜΕΡΩΣΗΣ | |
| Πεδίο ελέγχου | 20250605164055.0 |
| 008 - FIXED-LENGTH DATA ELEMENTS--GENERAL INFORMATION | |
| Πεδίο ελέγχου σταθερού μήκους | 250528s ||||||||||||||||||||||||d |
| 035 ## - SYSTEM CONTROL NUMBER | |
| System control number | 17419 |
| 020 ## - ISBN | |
| ISBN | 194329380 |
| 040 ## - ΠΗΓΗ ΚΑΤΑΛΟΓΟΓΡΑΦΗΣΗΣ | |
| Φορέας πρωτότυπης καταλογογράφησης | MC Athens Campus Library |
| Γλώσσα καταλογογράφησης | Ελληνικά, Μοντέρνα (1453-) |
| Modifying agency | MC Athens Campus Library |
| Κανόνες περιγραφικής καταλογογράφησης | AACR2 |
| 245 1# - ΤΙΤΛΟΣ ΚΑΙ ΔΗΛΩΣΗ ΥΠΕΥΘΥΝΟΤΗΤΑΣ | |
| Τίτλος | A Basic English Grammar with Exercises / Student's Self-study Edition |
| 260 ## - PUBLICATION, DISTRIBUTION, ETC. | |
| Name of publisher, distributor, etc. | Oxford University Press, |
| Date of publication, distribution, etc. | 1988 |
| 300 ## - PHYSICAL DESCRIPTION | |
| Extent | 240 |
| 520 ## - SUMMARY, ETC. | |
| Summary, etc. | A complete grammar reference and practice book for elementary and intermediate students. Introduction, Key to Phonetic Symbols, Glossary, A Basic English Grammar with Exercises, Word Order, Verbs: Talking about the Present, Verbs: Talking about the Past, Verbs: Talking about the Future, Verbs: Be and Have and Do, The Imperative and Let's, Modal Verbs, Negatives and Questions and Tags, Replacing Words and Leaving Out Words, The Passive, If-Clauses, Reported Speech, Tense in Sub Clauses, The Infinitive, The -ing Form, Nouns, The Articles: A/ An and The, Pronouns and Quantifiers, Question Words, Relative Clauses, Adjectives, Adverbs, Prepositions, Verbs with Adverbs and Prepositions, Conjuction and Other Linking Words, Emphasis, Index, Key. |
| 700 1# - ΠΡΟΣΘΕΤΗ ΑΝΑΓΡΑΦΗ--ΦΥΣΙΚΟ ΠΡΟΣΩΠΟ | |
| Personal name | Eastwood John |
| 9 (RLIN) | 3573 |
| 700 1# - ΠΡΟΣΘΕΤΗ ΑΝΑΓΡΑΦΗ--ΦΥΣΙΚΟ ΠΡΟΣΩΠΟ | |
| Personal name | Mackin Ronald |
| 9 (RLIN) | 3574 |
| 942 ## - ADDED ENTRY ELEMENTS (KOHA) | |
| Koha item type | Books |
| Τύπος τεκμηρίου | Βιβλιοθήκη | Τρέχουσα τοποθεσία | Barcode | Αριθμός εισαγωγής | Ημερομηνία απόκτησης | Ταξιθετικό σύμβολο | Αριθμός αντιτύπου | Κατάσταση απόσυρσης | Κατάσταση χαμένου | Κατάσταση κατεστραμμένου | Μη δανεισμός | Σύνολο δανεισμών | Ημερομηνία τελευταίας εμφάνισης | Η τιμή ισχύει από |
|---|---|---|---|---|---|---|---|---|---|---|---|---|---|---|
| Books | MC Athens Campus Library | MC Athens Campus Library | 9780000028396 | 5656 | 05/06/2025 | 428.2 EAS | 1 | 05/06/2025 | 05/06/2025 |